| 000 | 00687nam a2200205 a 4500 | ||
|---|---|---|---|
| 005 | 20210223124846.0 | ||
| 008 | 030307s2000 es r 000 0 spa d | ||
| 020 | _a9501520897 (Ediciones B) | ||
| 035 | _aUPN01000122629 | ||
| 049 | _aCG | ||
| 050 | 4 |
_aPQ7797 S2.14 _bM4.3 |
|
| 245 | 0 | 0 |
_aMedio Siglo con Sábato : _bentrevistas / _cpról., recopilación y notas de Julia Constela. |
| 260 |
_aBarcelona, Esp. : _bJavier Vergara ; _aBuenos Aires : _bEdiciones B, _cc2000. |
||
| 300 |
_a397 p., _e[16] p. de láms. |
||
| 440 | 0 | _aTextos libres | |
| 600 | 1 | 4 |
_aSABATO, ERNESTO, _d1911-2011 _928029 |
| 650 | 4 |
_aAUTORES ARGENTINOS _93891 |
|
| 700 | 1 |
_aConstela, Julia, _ecomp. |
|
| 905 | _aLibro | ||
| 999 |
_c94814 _d94814 |
||